| 000 | 00593cam a2200145 4500500 | ||
|---|---|---|---|
| 005 | 20251228090855.0 | ||
| 041 | _afre | ||
| 042 | _adc | ||
| 100 | 1 | 0 |
_aFaguer, Nicolas _eauthor |
| 245 | 0 | 0 | _aDominique Millet-Gérard, Le Verbe et la Voix. Vingt-cinq études en hommage à Paul Claudel, Classiques Garnier, Paris, 2018, 568 pages |
| 260 | _c2019. | ||
| 500 | _a34 | ||
| 786 | 0 | _nBulletin de l’Amitié Charles Péguy | 165 | 1 | 2019-04-24 | p. 62-63 | 0180-8567 | |
| 856 | 4 | 1 | _uhttps://shs.cairn.info/revue-bulletin-de-lamitie-charles-peguy-2019-1-page-62?lang=fr&redirect-ssocas=7080 |
| 999 |
_c1602816 _d1602816 |
||